000 00299nam a22001337a 4500
003 SGT
082 _a617
_bR98J
100 _aJOHNSON, C.D.
245 _aRECENT ADVANCES IN SURGERY-21
260 _aEDINBURGH
_bCHURCHILL PUB
_c1998
300 _a232
650 _aGENERAL SURGERY
942 _2ddc
_cRARE
999 _c22334
_d22334